000
00292nam a22001337a 4500
082
_a
894.812.3
_b
SAT/S
100
_a
SATHEESAN
245
_a
SWAMY AYYAPPAN
250
_a
FIRST
260
_a
THRISSUR
_b
H&C PUBLISHING HOUSE
_c
2007
300
_a
80
650
_a
SHORT STORY
_z
KERALA
942
_c
BK
999
_c
1260
_d
1260